South Eastern Kenya University

Library Online Public Access Catalogue


Research methods : (Record no. 8242)

MARC details
000 -LEADER
fixed length control field 00854cam a22002777a 4500
001 - CONTROL NUMBER
control field 16162604
003 - CONTROL NUMBER IDENTIFIER
control field OSt
005 - DATE AND TIME OF LATEST TRANSACTION
control field 20150804141937.0
008 - FIXED-LENGTH DATA ELEMENTS--GENERAL INFORMATION
fixed length control field 100330s2011 caua b 001 0 eng d
010 ## - LIBRARY OF CONGRESS CONTROL NUMBER
LC control number 2010925784
020 ## - INTERNATIONAL STANDARD BOOK NUMBER
International Standard Book Number 9780495811190 (pbk.)
020 ## - INTERNATIONAL STANDARD BOOK NUMBER
International Standard Book Number 049581119X (pbk.)
035 ## - SYSTEM CONTROL NUMBER
System control number (OCoLC)ocn679658874
040 ## - CATALOGING SOURCE
Original cataloging agency SEKU
042 ## - AUTHENTICATION CODE
Authentication code lccopycat
050 00 - LIBRARY OF CONGRESS CALL NUMBER
Classification number Q 180.55 .P7
Item number J3 2011
100 1# - MAIN ENTRY--PERSONAL NAME
Personal name Jackson, Sherri L.,
Dates associated with a name 1962-
245 10 - TITLE STATEMENT
Title Research methods :
Remainder of title a modular approach
Statement of responsibility, etc. Sherri L. Jackson.
250 ## - EDITION STATEMENT
Edition statement 2nd ed.
260 ## - PUBLICATION, DISTRIBUTION, ETC. (IMPRINT)
Place of publication, distribution, etc. Belmont, CA :
Name of publisher, distributor, etc. Wadsworth/Cengage Learning,
Date of publication, distribution, etc. c2011.
300 ## - PHYSICAL DESCRIPTION
Extent xxiii, 439 p. :
Other physical details ill. ;
Dimensions 24 cm.
504 ## - BIBLIOGRAPHY, ETC. NOTE
Bibliography, etc Includes bibliographical references (p. 427-428) and index.
650 #0 - SUBJECT ADDED ENTRY--TOPICAL TERM
Topical term or geographic name as entry element Research
General subdivision Psychological aspects.
650 #0 - SUBJECT ADDED ENTRY--TOPICAL TERM
Topical term or geographic name as entry element Research
General subdivision Study and teaching (Higher)
942 ## - ADDED ENTRY ELEMENTS (KOHA)
Source of classification or shelving scheme Library of Congress Classification
Koha item type General circulation
Holdings
Withdrawn status Lost status Source of classification or shelving scheme Damaged status Not for loan Home library Current library Shelving location Date acquired Source of acquisition Total Checkouts Full call number Barcode Date last seen Date last checked out Price effective from Koha item type Public note
    Library of Congress Classification     Main Campus Library Main Campus Library General Stacks 04/08/2015 Donation-Books for Africa 1 Q 180.55 .P7 J3 2015/006496 12/10/2015 28/09/2015 04/08/2015 General circulation amk
Kitui, Kenya.
+254736116989
library@seku.ac.ke